00698nam a2200205 a 450000100060000000300090000600800410001502000150005604000280007108200160009924500290011526000630014430000110020759000490021865000120026765000330027994200120031299900170032495201510034118668CO-ViMGA141112s2004 ck r 000 u spa d a9586553094 aCO-ViMGAbspacCO-ViMGA04a070.5 N675n10aNormas de presentación aMedellín (Antioquia), cUniversidad de Antioquia, c1998 a128.p. aForma de adquisición : Premio - Mincultura14aEDICION14aREDACCION DE INFORMES926588 2ddccBK c27918d27918 00102ddc40708003aMEVIECARbMEVIECARd2015-12-04hVolumen. 1 | 11/jun/2009l0o070.5 N675n p18668r2015-12-04 00:00:00tEj. 1w2015-12-04yBK